000 01240cam a2200349 a 4500
001 1183934
003 OSt
005 20170227114358.0
008 970829s1998 paua 001 0 eng d
010 _a 97067375
020 _a0030200881
035 _a(OCoLC)37621748
040 _aMWalB
_cMWalB
_dDLC
042 _alccopycat
050 0 4 _aQD33
_b.O98 1998
082 0 0 _a540
_221
100 1 _aOxtoby, David W.
245 1 0 _aChemistry :
_bscience of change /
_cDavid W. Oxtoby, Wade A. Freeman, Toby F. Block.
250 _a3rd ed.
260 _aPhiladelphia :
_bSaunders College Pub.,
_cc1998.
300 _a1 v. (various pagings) :
_bcol. ill. ;
_c26 cm.
490 0 _aSaunders golden sunburst series
500 _aIncludes index.
650 0 _aChemistry.
700 1 _aFreeman, Wade A.
700 1 _aBlock, Toby F.
856 4 2 _3Publisher description
_uhttp://www.loc.gov/catdir/enhancements/fy1409/97067375-d.html
856 4 2 _3Contributor biographical information
_uhttp://www.loc.gov/catdir/enhancements/fy1409/97067375-b.html
906 _a7
_bcbc
_ccopycat
_d3
_eopcn
_f19
_gy-gencatlg
942 _2lcc
_cBK
999 _c255782
_d255781